000 00202 a2200109 4500
020 _a9780061288777
041 _aspa
100 _aLopez, Rafael
245 _aBook Fiesta
942 _cBK
952 _71
999 _c16826
_d16826